000 00438nam a2200205Ia 4500
001 109789
003 YMCAF
005 20230512162402.0
008 100717s2002 ||||||||||||||||| ||und|d
024 _a109789
035 _aWB776
040 _aYMCAF
_beng
_cIN-KoLT
041 _aeng
100 _aClark, chris
245 0 _aNetworking cabling handbook
250 _a2nd
260 _bTMH
_c2002
300 _a782
942 _2ddc
_cBK
999 _c11620
_d11620